Patapalo / (Record no. 171689)

MARC details
000 -LEADER
campo de control de longitud fija 00566nam a22001935i 4500
001 - NÚMERO DE CONTROL
campo de control 171689
003 - IDENTIFICADOR DE NÚMERO DE CONTROL
campo de control ES-MaACL
005 - FECHA Y HORA DE LA ÚLTIMA TRANSACCIÓN
campo de control 20250911063604.0
008 - DATOS DE LONGITUD FIJA--INFORMACIÓN GENERAL
campo de control de longitud fija 090526s1958 sp |||| | spa d
080 ## - NÚMERO DE LA CLASIFICACIÓN DECIMAL UNIVERSAL
Número de la Clasificación Decimal Universal 821.134.2-31"19"
100 1# - ENTRADA PRINCIPAL--NOMBRE DE PERSONA
Nombre de persona Soler, Bartolomé,
Fechas asociadas al nombre 1894-1975
9 (RLIN) 107138
245 10 - MENCIÓN DEL TÍTULO
Título Patapalo /
Mención de responsabilidad, etc. por Bartolomé Soler.
260 ## - PUBLICACIÓN, DISTRIBUCIÓN, ETC.
Lugar de publicación, distribución, etc. Barcelona :
Nombre del editor, distribuidor, etc. G. P.,
Fecha de publicación, distribución, etc. 1958.
300 ## - DESCRIPCIÓN FÍSICA
Extensión 189 p. ;
Dimensiones 18 cm.
490 1# - MENCIÓN DE SERIE
Mención de serie Libros "Plaza" ;
Designación de volumen o secuencia 131
830 0# - PUNTO DE ACCESO ADICIONAL DE SERIE-TÍTULO UNIFORME
Título uniforme Libros "Plaza" ;
Designación de volumen o secuencia 131
9 (RLIN) 181449
852 ## - LOCALIZACIÓN
Ubicación ES-MaACL
Número de control de estantería C-14728
itemnumber R.42718
Holdings
Estatus retirado Estado de pérdida Estado de daño No para préstamo Biblioteca de origen Biblioteca actual Ubicación en estantería Fecha de adquisición Fuente de adquisición Total de préstamos Signatura topográfica completa Código de barras Visto por última vez Precio de reemplazo Tipo de ítem Koha
        Biblioteca del Ateneo de Madrid Biblioteca del Ateneo de Madrid Ficheros 26/05/2009     C-14728 1180173 23/02/2023 23/02/2023 Libro impreso